| 000 | 00778nam a2200265Ia 4500 | ||
|---|---|---|---|
| 005 | 20250117103546.0 | ||
| 008 | 008 250103s9999 xx 000 0 eng d | ||
| 020 | _a9781032156552 | ||
| 037 | _aTextual | ||
| 040 |
_aCSL _beng _cCSL |
||
| 041 |
_aeng _2eng |
||
| 084 |
_aC R3 _qCSL |
||
| 100 |
_aKnecht, Volker _9731668 |
||
| 245 | 0 |
_aAI for physics _cKnecht, Volker |
|
| 260 |
_aBoca raton _bCRC Press/T&F Newyork _c2023 |
||
| 300 | _axviii,129p. ill. | ||
| 650 |
_a Ai for cosmology _9733865 |
||
| 650 |
_a Ai for molecular physics _9733866 |
||
| 650 |
_a Ai for particle physics _9733867 |
||
| 650 |
_a Gathering the team _9733868 |
||
| 650 |
_a Quantum computer _9733869 |
||
| 650 | _aPhysics | ||
| 942 |
_cTEXL _hC R3 |
||
| 999 |
_c1237727 _d1237727 |
||